000 00473nam a2200145 4500
999 _c14652
_d14652
008 191021b ||||| |||| 00| 0 eng d
022 _a03080587
082 _aDPer 420.5 M72 Apr-Oct 2011 v. 20, n. 2-4
100 _940482
_aPenston, Tony.
245 _aLearner-centredness and reading aloud/
_cTony Penston.
260 _aChichester, West Sussex:
_bPavilion Publishing,
_c©2011.
300 _av20 n3, pages 46-48:
_c30 cm.
650 _aReading.
_940645
942 _2ddc
_cPER